La obra completa de Chopin en siete conciertos por Leopoldo Querol (Record no. 133551)

MARC details
000 -LEADER
campo de control de longitud fija 00964nam a2200229 i 4500
001 - NÚMERO DE CONTROL
campo de control 133551
003 - IDENTIFICADOR DE NÚMERO DE CONTROL
campo de control ES-MaACL
005 - FECHA Y HORA DE LA ÚLTIMA TRANSACCIÓN
campo de control 20230906194440.0
008 - DATOS DE LONGITUD FIJA--INFORMACIÓN GENERAL
campo de control de longitud fija 070821q1947 sp a |||| | spa d
245 03 - MENCIÓN DEL TÍTULO
Título La obra completa de Chopin en siete conciertos por Leopoldo Querol
Resto del título : los días 14, 15, 16, 17, 18, 19 y 20 de abril de 1947 a las siete de la tarde : programa.
260 ## - PUBLICACIÓN, DISTRIBUCIÓN, ETC.
Lugar de publicación, distribución, etc. [Madrid] :
Nombre del editor, distribuidor, etc. Subsecretaría de Educación Popular,
Fecha de publicación, distribución, etc. [1947?]
300 ## - DESCRIPCIÓN FÍSICA
Extensión 35 p. :
Otras características físicas il. ;
Dimensiones 25 cm.
594 ## - Nota al título y mención de responsabilidad
Nota al título y mención de responsabilidad Precede al tít.: Ciclo de Cultura Musical del Ateneo de Madrid.
600 14 - PUNTO DE ACCESO ADICIONAL DE MATERIA--NOMBRE DE PERSONA
Nombre de persona Chopin, Fryderyk.
9 (RLIN) 144154
610 27 - PUNTO DE ACCESO ADICIONAL DE MATERIA--NOMBRE DE ENTIDAD CORPORATIVA
Nombre de entidad corporativa o nombre de jurisdicción como elemento de entrada Ateneo de Madrid-
Subdivisión de forma Conciertos-
Subdivisión cronológica S.XX.
9 (RLIN) 1906
650 #4 - PUNTO DE ACCESO ADICIONAL DE MATERIA--TÉRMINO DE MATERIA
Término de materia o nombre geográfico como elemento de entrada Música-
Subdivisión general Programas.
9 (RLIN) 170037
700 1# - ENTRADA AGREGADA--NOMBRE PERSONAL
Nombre de persona Querol, Leopoldo.
9 (RLIN) 94545
710 1# - ENTRADA AGREGADA--NOMBRE DE ENTIDAD CORPORATIVA
Nombre de entidad corporativa o nombre de jurisdicción como elemento de entrada España.
Unidad subordinada Ministerio de Educación Nacional.
-- Subsecretaría.
9 (RLIN) 3863
740 02 - ENTRADA AGREGADA--TÍTULO RELACIONADO/ANALÍTICO NO CONTROLADO
Título relacionado o analítico no controlado Ciclo de Cultura Musical del Ateneo de Madrid.
852 ## - LOCALIZACIÓN
Ubicación ES-MaACL
Número de control de estantería 1867-F-13
852 ## - LOCALIZACIÓN
Ubicación ES-MaACL
Número de control de estantería 2203-F-22
Holdings
Estatus retirado Estado de pérdida Estado de daño No para préstamo Colección Biblioteca de origen Biblioteca actual Ubicación en estantería Fecha de adquisición Fuente de adquisición Total de préstamos Signatura topográfica completa Código de barras Visto por última vez Precio de reemplazo Tipo de ítem Koha
        Colección de folletos Biblioteca del Ateneo de Madrid Biblioteca del Ateneo de Madrid Depósito folletos 17/01/2008     2203-F-22 1139030 23/02/2023 23/02/2023 Folleto
        Colección de folletos Biblioteca del Ateneo de Madrid Biblioteca del Ateneo de Madrid Depósito folletos 17/01/2008     1867-F-13 1139029 23/02/2023 23/02/2023 Folleto